Equipos de las top 5 ligas europeas 24-25 - Estadísticas

Estadísticas generales
  • Esta prueba ha sido intentada 201 veces
  • La puntuación promedio es 66 de 96
Estadísticas de respuestas
Hint Respuesta % Correcto
LALIGA Barcelona
99%
LALIGA Real Madrid
99%
LALIGA Atlético de Madrid
98%
PREMIER LEAGUE Manchester City
97%
PREMIER LEAGUE Manchester United
97%
PREMIER LEAGUE Arsenal
96%
SERIE A Inter
96%
SERIE A Milan
95%
BUNDESLIGA Bayern Munich
94%
SERIE A Juventus
94%
PREMIER LEAGUE Liverpool
94%
LIGUE 1 PSG
94%
LALIGA Real Betis
94%
LALIGA Sevilla
94%
LALIGA Valencia
94%
BUNDESLIGA Borussia Dortmund
93%
PREMIER LEAGUE Chelsea
93%
LALIGA Real Sociedad
93%
LALIGA Villarreal
91%
LALIGA Athletic Club
90%
LALIGA Getafe
90%
LALIGA Celta de Vigo
89%
LALIGA Girona
89%
LIGUE 1 Olympique Lyon
88%
LALIGA Rayo Vallecano
88%
PREMIER LEAGUE Tottenham Hotspur
88%
PREMIER LEAGUE Aston Villa
87%
LALIGA Deportivo Alavés
87%
LIGUE 1 Olympique Marsella
87%
LALIGA Espanyol
86%
LALIGA Las Palmas
86%
LALIGA Leganés
86%
LALIGA Osasuna
86%
SERIE A Roma
86%
BUNDESLIGA Bayer Leverkusen
85%
LALIGA Mallorca
85%
LALIGA Real Valladolid
85%
SERIE A Napoli
84%
SERIE A Lazio
81%
PREMIER LEAGUE Newcastle
81%
PREMIER LEAGUE Wolves
77%
PREMIER LEAGUE Leicester City
75%
PREMIER LEAGUE Nottingham Forest
75%
SERIE A Atalanta
74%
SERIE A Fiorentina
73%
PREMIER LEAGUE West Ham United
73%
PREMIER LEAGUE Brighton & Hove Albion
70%
PREMIER LEAGUE Crystal Palace
70%
PREMIER LEAGUE Everton
70%
LIGUE 1 Lille
69%
LIGUE 1 Monaco
69%
SERIE A Como
68%
PREMIER LEAGUE Brentford
67%
SERIE A Bolonia
66%
BUNDESLIGA Leipzig
66%
SERIE A Torino
66%
PREMIER LEAGUE Southampton
62%
LIGUE 1 Stade Rennais
62%
BUNDESLIGA Wolfsburg
62%
PREMIER LEAGUE Bournemouth
60%
BUNDESLIGA Eintracht Frankfurt
60%
BUNDESLIGA Borussia Monchengladbach
59%
PREMIER LEAGUE Fulham
57%
PREMIER LEAGUE Ipswich Town
56%
BUNDESLIGA Union Berlin
56%
SERIE A Venezia
56%
LIGUE 1 Nantes
55%
SERIE A Parma
55%
SERIE A Udinese
55%
BUNDESLIGA Stuttgart
51%
BUNDESLIGA Werder Bremen
51%
SERIE A Cagliari
49%
SERIE A Hellas Verona
49%
BUNDESLIGA Freiburg
47%
SERIE A Genoa
47%
LIGUE 1 Lens
47%
LIGUE 1 Montpellier
47%
SERIE A Lecce
45%
LIGUE 1 Strasbourg
43%
LIGUE 1 Toulouse
43%
SERIE A Monza
42%
LIGUE 1 Auxerre
40%
LIGUE 1 Nice
40%
LIGUE 1 Stade Brestois
40%
LIGUE 1 Stade de Reims
40%
BUNDESLIGA Hoffenheim
39%
LIGUE 1 Saint-Étienne
38%
BUNDESLIGA Augsburg
34%
SERIE A Empoli
32%
BUNDESLIGA Mainz 05
31%
BUNDESLIGA St Pauli
31%
BUNDESLIGA Bochum
29%
BUNDESLIGA Heidenheim
29%
LIGUE 1 Le Havre
29%
LIGUE 1 Angers
27%
BUNDESLIGA Holstein Kiel
18%
No se encontraron pruebas coincidentes
Distribución de puntuación
Porcentaje de gente con cada puntuación
Porcentaje por número respondido
Historial de tus puntuaciones
No has intentado esta prueba.